LEADER 00983cam0 22002891 450 001 SOBE00083781 005 20250627101913.0 100 $a20250627d1974 |||||ita|0103 ba 101 $aita 102 $aIT 200 1 $aFormalismo e avanguardia in Russia$fIgnazio Ambrogio 205 $a2. ed 210 $aRoma$cEditori Riuniti$d1974 215 $a270 p.$d19 cm 225 2 $aUniversale$v74 410 1$1001SOBE00083782$12001 $a*Universale$v74 500 10$aFormalismo e avanguardia in Russia$3SOBA00034593$9167076 700 1$aAmbrogio$b, Ignazio$3AF00014382$4070$0123644 801 0$aIT$bUNISOB$c20250627$gRICA 850 $aUNISOB 852 $aUNISOB$jFondo|Calì$m183474 912 $aSOBE00083781 940 $aM 102 Monografia moderna SBN 941 $aM 957 $aFondo|Calì$b001108$gSI$d183474$n20250508$hCali$rDono$tN$1rovito$2UNISOB$3UNISOB$420250627101559.0$520250627101634.0$6rovito 996 $aFormalismo e avanguardia in Russia$9167076 997 $aUNISOB